| 000 | 01039nam0a22002411 4500 | ||
|---|---|---|---|
| 001 | rc\869203 | ||
| 005 | 20041129093307.6 | ||
| 035 | _a(NLR Aleph) 006047921 | ||
| 090 |
_a4774011 _c4774011 |
||
| 100 | _a20041129d1983 u |0rusy50 ca | ||
| 101 | 0 | _arus | |
| 102 | _aRU | ||
| 105 | _ay ||||||||| | ||
| 200 | 1 |
_aТехнико-технологические сдвиги и социальное развитие промышленного ядра рабочего класса _fИн-т междунар. рабочего движения АН СССР _gПодгот. под рук. д. м. н. Л.А. Гордона, к. э. н. А.К. Казимовой |
|
| 210 |
_aМ. _cБ. и. _d1983 |
||
| 215 |
_a72 с. _d20 |
||
| 702 | 1 |
_aГордон _bЛ. А. _gЛеонид Абрамович _4340 |
|
| 712 | 0 | 2 |
_aИнститут международного рабочего движения _cМосква _3RU\NLR\AUTH\889988937 |
| 801 | 0 |
_aRU _bNLR _gpsbo |
|
| 801 | 1 |
_aRU _bELAR _2rusmarc |
|
| 852 |
_aNLR _j84-4/4163 |
||
| 942 | _cBOOK | ||
| 980 | _aNB | ||